Central Library OPAC University of Rajshahi

Introduction to international economics / (Record no. 8887)

MARC details
000 -LEADER
fixed length control field 00792cam a22002651 4500
001 - CONTROL NUMBER
control field 8887
003 - CONTROL NUMBER IDENTIFIER
rucl marc code BD-RjUL
005 - DATE AND TIME OF LATEST TRANSACTION
control field 20211208234655.0
008 - FIXED-LENGTH DATA ELEMENTS--GENERAL INFORMATION
fixed length control field 140119r19621958xx 000 0 eng d
035 ## - SYSTEM CONTROL NUMBER
System control number (BD-RjUL)8932
System control number (OCoLC)972970
040 ## - CATALOGING SOURCE
Original cataloging agency DLC
Transcribing agency TxU-Da
Modifying agency DLC
-- (BD-RjUL)
Language of cataloging eng
041 ## - LANGUAGE CODE
Language code of text/sound track or separate title eng
082 00 - DEWEY DECIMAL CLASSIFICATION NUMBER
Classification number 382
Author mark and year SNI
100 1# - MAIN ENTRY--PERSONAL NAME
Personal name Snider, Delbert A.
9 (RLIN) 27623
245 10 - TITLE STATEMENT
Title Introduction to international economics /
Statement of responsibility, etc. Snider, Delbert A.
250 ## - EDITION STATEMENT
Edition statement Rev. ed.
260 ## - PUBLICATION, DISTRIBUTION, ETC. (IMPRINT)
Place of publication, distribution, etc. Homewood, Ill.,
Name of publisher, distributor, etc. R.D. Irwin,
Date of publication, distribution, etc. 1958. [Reprent 1962]
300 ## - PHYSICAL DESCRIPTION
Pagination 598 p. :
Illustrations ilus. ;
Size 24 cm.
650 #0 - SUBJECT ADDED ENTRY--TOPICAL TERM
Topical term or geographic name as entry element International economic relations.
9 (RLIN) 27625
Topical term or geographic name as entry element International trade
9 (RLIN) 131855
942 ## - ADDED ENTRY ELEMENTS (KOHA)
Source of classification or shelving scheme Dewey Decimal Classification
Koha item type Books
Holdings
Lost status Source of classification or shelving scheme Damaged status Not for loan Collection code Permanent Location Current Location Shelving location Date acquired Source of acquisition Cost, normal purchase price Total Checkouts Full call number Date last seen Copy number Koha item type
  Dewey Decimal Classification     Non-fiction Central Library, University of Rajshahi Central Library, University of Rajshahi   19/10/1962 Zeitlinger 56.00   382 SNI 1962 19/01/2014 C-9 Books
  Dewey Decimal Classification     Non-fiction Central Library, University of Rajshahi Central Library, University of Rajshahi   19/10/1962 Zeithinger 56.00   382 SNI 1962 19/06/2016 C-2 Books
  Dewey Decimal Classification     Non-fiction Central Library, University of Rajshahi Central Library, University of Rajshahi   19/10/1956 Zeithinger 56.00   382 SNI 1956 19/06/2016 C-3 Books
  Dewey Decimal Classification     Non-fiction Central Library, University of Rajshahi Central Library, University of Rajshahi   19/06/2016 Zeithinger 56.00   382 SNI 1960 19/06/2016 C-4 Books
  Dewey Decimal Classification     Non-fiction Central Library, University of Rajshahi Central Library, University of Rajshahi   19/06/2016 Zeithinger 56.00   382 SNI 19/06/2016 C-5 Books
  Dewey Decimal Classification     Non-fiction Central Library, University of Rajshahi Central Library, University of Rajshahi   19/10/1962 Zeithinger 56.00   382 SNI 1962 19/06/2016 C-6 Books
  Dewey Decimal Classification     Non-fiction Central Library, University of Rajshahi Central Library, University of Rajshahi   19/10/1956 Zeithinger 56.00   382 SNI 1956 19/06/2016 C-7 Books
  Dewey Decimal Classification     Non-fiction Central Library, University of Rajshahi Central Library, University of Rajshahi   31/03/1970 Zeithinger 81.00   382 SNI 1967 19/06/2016 C-8 Books